000 00344pam a2200145 a 4500
020 _c
041 _h
082 _a728.5
_bMON
100 _aHugo Montanaro.
245 _aBars & Restaurants
_bBars & Restaurants
_hTextual Documents
250 _a1998.
260 _a[s.l]:
_bKlickowski Asppan,sl.
300 _a213:
_bpaper.
930 _a2957
999 _c236747
_d236747